Приборы для измерения и регулирования расхода и количества жидкостей и газов: номенклатурный справочник

Бібліографічні деталі
Інші автори: Зябкина Г. А. (составитель)
Резюме:Исключено из фонда НТБ ТПУ
Мова:Російська
Опубліковано: Москва, ЦНИИТЭИприборостроения, 1975
Формат: MixedMaterials Книга
KOHA link:https://koha.lib.tpu.ru/cgi-bin/koha/opac-detail.pl?biblionumber=132110

MARC

LEADER 00000nam0a2200000 4500
001 132110
005 20231031134722.0
035 |a (RuTPU)RU\TPU\book\143050 
035 |a RU\TPU\book\142984 
090 |a 132110 
100 |a 20080227d1975 k y0rusy50 ca 
101 0 |a rus 
102 |a RU 
105 |a y b 000zy 
200 1 |a Приборы для измерения и регулирования расхода и количества жидкостей и газов  |e номенклатурный справочник  |f сост. Г. А. Зябкина 
210 |a Москва  |c ЦНИИТЭИприборостроения  |d 1975 
215 |a 47 с. 
333 |a Исключено из фонда НТБ ТПУ 
702 1 |a Зябкина  |b Г. А.  |4 220 
801 1 |a RU  |b 63413507  |c 20080227  |g PSBO 
801 2 |a RU  |b 63413507  |c 20220620  |g PSBO 
942 |c BK